| 000 | 00914nam a2200277 4500 | ||
|---|---|---|---|
| 003 | EG-GICUC | ||
| 005 | 20260407090348.0 | ||
| 008 | 260402s1937 Fr a|||f |||| 00| 0 Fre d | ||
| 040 |
_a EG-GICUC _bfre _c EG-GICUC _d EG-GICUC _erda |
||
| 082 | 0 | 4 |
_a341.1 _bV I . D |
| 092 | 0 | 4 | _221 |
| 099 | _aLaw1 11 341.1 V I . D 1937 | ||
| 100 | 1 |
_aViard Paul-Emile _eAuteur |
|
| 245 |
_aLes Droits Politiques Des Indigénes D'Algérie : _bVolume 1/ _cPar Paul-Emile Viard. |
||
| 264 |
_aParis: _bBibliothéque Des Questions Nord-Africaines, _c1937. |
||
| 300 |
_a226 Pages: _billustration; _c24 Cm. |
||
| 336 |
_2rda content _atext |
||
| 337 |
_2rda media _aComputer |
||
| 338 |
_2rda carrier _aOnline Resource |
||
| 546 | _aTexte en français | ||
| 650 | 1 | 4 | _adroit international public |
| 651 | 1 | _2qrmak | |
| 856 | 4 | 0 | _uhttps://fll.law.cu.edu.eg/fulltext/bks/B11-08230.pdf |
| 905 | _a64 | ||
| 942 |
_2ddc _cBK _e21 _n0 |
||
| 999 |
_c68393 _d68393 |
||